| 000 | 00587nam a2200169 a 4500 | ||
|---|---|---|---|
| 001 | 000045795 | ||
| 005 | 20240307073950.0 | ||
| 008 | 110209s2004 dr 000 0 spa d | ||
| 040 |
_aDO-SdBNP _bspa _cBNPHU |
||
| 082 |
_a342.07 _bR426c |
||
| 110 | 1 |
_aRepública Dominicana. _b Junta Central Electoral _964605 |
|
| 240 | 1 | 0 | _a[Leyes, etc.] |
| 245 | 1 | 0 | _aCompilación de la legislación electoral de la República Dominicana /. |
| 260 |
_aSanto Domingo : _bJunta Central Electoral, _c2004. |
||
| 300 |
_a287 p. ; _c21 cm. |
||
| 590 | _aPerteneció a la biblioteca personal de Erick Landestoy | ||
| 999 |
_c45284 _d45284 |
||